LEADER 02082nam0 22004213i 450 001 VAN0233839 005 20230605031134.881 017 70$2N$a9789811573873 100 $a20211104d2020 |0itac50 ba 101 $aeng 102 $aSG 105 $a|||| ||||| 200 1 $aElliptic Quantum Groups$eRepresentations and Related Geometry$fHitoshi Konno 210 $aSingapore$cSpringer$d2020 215 $axiii, 131 p.$cill.$d24 cm 410 1$1001VAN0104274$12001 $aSpringerBriefs in Mathematical Physics$1210 $aBerlin [etc.]$cSpringer$v37 500 1$3VAN0233840$aElliptic Quantum Groups : Representations and Related Geometry$92785208 606 $a14-XX$xAlgebraic geometry [MSC 2020]$3VANC019702$2MF 606 $a17-XX$xNonassociative rings and algebras [MSC 2020]$3VANC021290$2MF 606 $a17B37$xQuantum groups (quantized enveloping algebras) and related deformations [MSC 2020]$3VANC023868$2MF 606 $a20G42$xQuantum groups (quantized function algebras) and their representations [MSC 2020]$3VANC026946$2MF 606 $a17B38$xYang-Baxter equations and Rota-Baxter operators [MSC 2020]$3VANC036870$2MF 610 $aElliptic quantum groups$9KW:K 610 $aElliptic stable envelopes$9KW:K 610 $aQuantum integrable systems$9KW:K 610 $aVertex operators$9KW:K 610 $aq-KZ equations$9KW:K 620 $aSG$dSingapore$3VANL000061 700 1$aKonno$bHitoshi$3VANV193953$0993675 712 $aSpringer $3VANV108073$4650 801 $aIT$bSOL$c20240614$gRICA 856 4 $uhttp://doi.org/10.1007/978-981-15-7387-3$zE-book ? Accesso al full-text attraverso riconoscimento IP di Ateneo, proxy e/o Shibboleth 899 $aBIBLIOTECA DEL DIPARTIMENTO DI MATEMATICA E FISICA$1IT-CE0120$2VAN08 912 $fN 912 $aVAN0233839 950 $aBIBLIOTECA DEL DIPARTIMENTO DI MATEMATICA E FISICA$d08CONS e-book 4446 $e08eMF4446 20211104 996 $aElliptic Quantum Groups : Representations and Related Geometry$92785208 997 $aUNICAMPANIA LEADER 02244nam0 22004813i 450 001 VAN00250113 005 20240806101422.104 017 70$2N$a9789811561092 100 $a20220913d2020 |0itac50 ba 101 $aeng 102 $aSG 105 $a|||| ||||| 200 1 $aDistributed Optimization: Advances in Theories, Methods, and Applications$fHuaqing Li ... [et al.] 210 $aSingapore$cSpringer$d2020 215 $axviii, 243 p.$cill.$d24 cm 500 1$3VAN00250114$aDistributed Optimization: Advances in Theories, Methods, and Applications$92909529 606 $a49J10$xExistence theories for free problems in two or more independent variables [MSC 2020]$3VANC022470$2MF 606 $a93-XX$xSystems theory; control [MSC 2020]$3VANC027040$2MF 606 $a93B70$xNetworked control [MSC 2020]$3VANC037166$2MF 606 $a93C65$xDiscrete event control/observation systems [MSC 2020]$3VANC028277$2MF 606 $a93D50$xConsensus [MSC 2020]$3VANC037167$2MF 606 $a93E03$xStochastic systems in control theory (general) [MSC 2020]$3VANC031380$2MF 610 $aAsynchronous communication$9KW:K 610 $aDistributed Optimization$9KW:K 610 $aDistributed algorithms$9KW:K 610 $aDynamic networks$9KW:K 610 $aEconomic dispatch$9KW:K 610 $aEvent-triggered scheme$9KW:K 610 $aMachine learning$9KW:K 610 $aNetworked control system$9KW:K 610 $aRandom sleep scheme$9KW:K 610 $aStochastic gradient$9KW:K 620 $aSG$dSingapore$3VANL000061 702 1$aLi$bHuaqing$3VANV204408 712 $aSpringer $3VANV108073$4650 801 $aIT$bSOL$c20241115$gRICA 856 4 $uhttp://doi.org/10.1007/978-981-15-6109-2$zE-book ? Accesso al full-text attraverso riconoscimento IP di Ateneo, proxy e/o Shibboleth 899 $aBIBLIOTECA DEL DIPARTIMENTO DI MATEMATICA E FISICA$1IT-CE0120$2VAN08 912 $fN 912 $aVAN00250113 950 $aBIBLIOTECA DEL DIPARTIMENTO DI MATEMATICA E FISICA$d08DLOAD e-book 4947 $e08eMF4947 20220913 996 $aDistributed Optimization: Advances in Theories, Methods, and Applications$92909529 997 $aUNICAMPANIA LEADER 02020nam0 22005173i 450 001 VAN00301763 005 20260123090424.970 017 70$2N$a9789819733699 100 $a20260123d2024 |0itac50 ba 101 $aeng 102 $aSG 105 $a|||| ||||| 181 $ai$b e 182 $ab 183 $acr 200 1 $aAntenna Systems for Modern Wireless Devices$fShiban K. Koul, S. Swapna, G. S. Karthikeya 210 $aSingapore$cSpringer$d2024 215 $axxiv, 327 p.$cill.$d24 cm 410 1$1001VAN00065377$12001 $aSignals and communication technology$1210 $aBerlin$cSpringer$d2005- 610 $a3-D printing in antenna designs$9KW:K 610 $aAdditive manufacturing$9KW:K 610 $aAntenna gain enhancement$9KW:K 610 $aBeam scanning antennas$9KW:K 610 $aMulti-port Antennas$9KW:K 610 $aPolarization diversity$9KW:K 610 $aRF MEMS switches$9KW:K 610 $aWLAN antennas$9KW:K 610 $aWideband Antennas$9KW:K 610 $aWireless Personal Area Network$9KW:K 620 $aSG$dSingapore$3VANL000061 700 1$aKoul$bShiban K.$3VANV036458$0726856 701 1$aKarthikeya$bGulur S.$3VANV236190$01889550 701 1$aSwapna$bS.$3VANV255801$01743586 712 $aSpringer $3VANV108073$4650 790 1$aKoul, Shiban Kishen$zKoul, Shiban K.$3VANV236296 790 1$aKoul, S. K.$zKoul, Shiban K.$3VANV236297 790 1$aKoul, S.K.$zKoul, Shiban K.$3VANV236298 790 1$aKarthikeya, Gulur Sadananda$zKarthikeya, Gulur S.$3VANV255802 790 1$aKarthikeya, G. S.$zKarthikeya, Gulur S.$3VANV255803 790 1$aKarthikeya, G.S.$zKarthikeya, Gulur S.$3VANV255804 801 $aIT$bSOL$c20260130$gRICA 856 4 $uhttps://doi.org/10.1007/978-981-97-3369-9$zE-book ? Accesso al full-text attraverso riconoscimento IP di Ateneo, proxy e/o Shibboleth 912 $fN 912 $aVAN00301763 996 $aAntenna Systems for Modern Wireless Devices$94530193 997 $aUNICAMPANIA